Alle Länder Europas der Größe nach - Statistiken

Allgemein
  • Dieses Quiz wurde 761 mal gespielt
  • Das Durchschnittsergebnis liegt bei 22 aus 45
Antwortstatistiken
Fläche Land % Korrekt
17.075.300 km² Russland
100%
603.700 km² Ukraine
91%
547.026 km² Frankreich
88%
504.982 km² Spanien
85%
357.114 km² Deutschland
81%
449.964 km² Schweden
77%
338.145 km² Finnland
73%
323.759 km² Norwegen
72%
312.684 km² Polen
70%
301.230 km² Italien
68%
0,4 km² Vatikanstadt
61%
1,95 km² Monaco
58%
160 km² Liechtenstein
56%
61 km² San Marino
56%
238.931 km² Rumänien
53%
464 km² Andorra
51%
2.586 km² Luxemburg
51%
316 km² Malta
51%
207.600 km² Weißrussland
49%
131.957 km² Griechenland
43%
10.887 km² Kosovo
43%
110.994 km² Bulgarien
42%
244.820 km² Großbritannien
41%
13.812 km² Montenegro
41%
93.032 km² Ungarn
39%
92.289 km² Portugal
38%
25.714 km² Nordmazedonien
36%
20.152 km² Slowenien
36%
28.748 km² Albanien
35%
103.000km² Island
35%
83.870 km² Österreich
35%
41.290 km² Schweiz
35%
78.864 km² Tschechien
35%
41.864 km² Niederlande
34%
88.361 km² Serbien
34%
30.518 km² Belgien
33%
70.284km² Irland
33%
64.600 km² Lettland
33%
65.200 km² Litauen
33%
45.227 km² Estland
32%
49.036 km² Slowakei
32%
51.129 km² Bosnien und Herzegowina
31%
43.093 km² Dänemark
30%
56.600 km² Kroatien
30%
33.843 km² Moldawien
30%
Keine übereinstimmenden Quizze gefunden
Verteilung der Resultate
Anzahl Personen mit jedem Resultat
Perzentil nach korrekt beantworteten Fragen
Ihre Resultats-Entwicklung
Sie haben dieses Quiz noch nicht gespielt